000 00504nam a2200205Ia 4500
003 GCL
008 140319s9999 xx 000 0 eng d
040 _aGCL /
_cGCL
082 0 4 _a749.5
_bS W
100 1 _aSUNSET BOOKS
245 1 0 _aWOOD WORKING PROJECTS /
_cSUNSET BOOKS
260 _a[S.N] :
_bSUNSET PUBLISHING COPERATION ،
_c1993
300 _a96 P
490 _aSUNSET
_v0
650 0 4 _aARTS
650 0 4 _aFURNITURE
650 0 4 _aDECORATIVE ARTS
650 0 4 _aWOOD WORK
942 _2ddc
_cBK
999 _c14048
_d14048